Statistics for Türkiye'nin sınırındaki ülkeler

Click here to take the quiz!

General Stats

  • This quiz has been taken 234 times
  • The average score is 8 of 8

Answers on the Map

Answers color-coded by a green-red scale on the quiz's map according to % correct below.
 

Answer Stats

kenarlık uzunluğuülke% Correct
206 kmYunanistan
98%
311 kmIrak
97%
499 kmİran
96%
822 kmSuriye
96%
240 kmBulgaristan
95%
268 kmErmenistan
94%
9 kmAzerbaycan
89%
252 kmGürcistan
89%

Score Distribution

Percentile by Number Answered

Percent of People with Each Score

Your Score History

You have not taken this quiz